000 00634cam a2200193 a 4500
001 2108658
005 20250529122614.0
008 960916s1997 enka b 001 0 eng
020 _a0750622660
050 0 0 _aR852
_b.G66 1997
082 0 0 _a610/.72
_220
245 0 0 _aGood research practices :
_ba practical guide to the implementation of the GxPs /
_cedited by Nigel J. Dent.
260 _aOxford ;
_bBoston :
_bButterworth-Heinemann,
_c1997.
300 _axv, 522 p. :
_bill. ;
_c24 cm.
650 0 _aMedicine
_xResearch
_xStandards.
650 0 _aDrugs
_xResearch
_xStandards.
700 1 _aDent, N. J.
_q(Nigel J.)
942 _2lcc
_cBK
_n0
999 _c6023
_d6023